Essential tort
| Main Author: | |
|---|---|
| Format: | Book |
| Published: |
London :
Cavendish Publishing Limited ,
1994
|
| Subjects: |
MARC
| LEADER | 00000cam a2200000 7i4500 | ||
|---|---|---|---|
| 001 | 0000008282 | ||
| 002 | 000009030 | ||
| 005 | 20081217.0 | ||
| 020 | |a 1859411215 | ||
| 090 | 0 | 0 | |a 344.2063 |b OWE |
| 100 | 1 | |a Owen, Richard | |
| 245 | 1 | 0 | |a Essential tort |c Richard Owen |
| 260 | |a London : |b Cavendish Publishing Limited , |c 1994 | ||
| 300 | |a 199p. ; |c 22cm. | ||
| 650 | 0 | 0 | |a Torts |
| 999 | |a 047488 |b BUKU |c PINJAMAN |e PERPUSTAKAAN KOMUNITI PETALING JAYA | ||